| 000 | 00411nam a22001697a 4500 | ||
|---|---|---|---|
| 003 | NUST - PNEC | ||
| 005 | 20170116180840.0 | ||
| 008 | 150820b xxu||||| |||| 00| 0 eng d | ||
| 020 | _a- | ||
| 040 | _cLIBRARY | ||
| 082 | _a510 OLI | ||
| 100 |
_95337 _aOlive, Gloria |
||
| 245 | _aMathematics for liberal arts students | ||
| 260 |
_aNew York: _cc1973. |
||
| 648 |
_95338 _aMathematics _xME |
||
| 942 |
_2ddc _cBK |
||
| 999 |
_c64391 _d64391 |
||